Características morfográficas y geológicas de la zona septentrional del Sahara español / (Record no. 186028)
[ view plain ]
| 000 -LEADER | |
|---|---|
| campo de control de longitud fija | 00815nam a2200193 i 4500 |
| 001 - NÚMERO DE CONTROL | |
| campo de control | 186028 |
| 003 - IDENTIFICADOR DE NÚMERO DE CONTROL | |
| campo de control | ES-MaACL |
| 005 - FECHA Y HORA DE LA ÚLTIMA TRANSACCIÓN | |
| campo de control | 20230906222552.0 |
| 008 - DATOS DE LONGITUD FIJA--INFORMACIÓN GENERAL | |
| campo de control de longitud fija | 160905s1945 sp |||| | spa d |
| 100 0# - ENTRADA PRINCIPAL--NOMBRE DE PERSONA | |
| Nombre de persona | Alía Medina, Manuel. |
| 9 (RLIN) | 19916 |
| 245 10 - MENCIÓN DEL TÍTULO | |
| Título | Características morfográficas y geológicas de la zona septentrional del Sahara español / |
| Mención de responsabilidad, etc. | por Manuel Alia Medina. |
| 260 ## - PUBLICACIÓN, DISTRIBUCIÓN, ETC. | |
| Lugar de publicación, distribución, etc. | Madrid : |
| Nombre del editor, distribuidor, etc. | Consejo Superior de Investigaciones Científicas, |
| Fecha de publicación, distribución, etc. | 1945. |
| 490 1# - MENCIÓN DE SERIE | |
| Mención de serie | Trabajos del Instituto de Ciencias Naturales "José de Acosta". Serie geológica ; |
| Designación de volumen o secuencia | 2 |
| 650 #4 - PUNTO DE ACCESO ADICIONAL DE MATERIA--TÉRMINO DE MATERIA | |
| Término de materia o nombre geográfico como elemento de entrada | Geomorfología- |
| Subdivisión geográfica | Sahara. |
| 9 (RLIN) | 160711 |
| 650 #4 - PUNTO DE ACCESO ADICIONAL DE MATERIA--TÉRMINO DE MATERIA | |
| Término de materia o nombre geográfico como elemento de entrada | Geología- |
| Subdivisión geográfica | Sahara. |
| 9 (RLIN) | 160712 |
| 830 0# - PUNTO DE ACCESO ADICIONAL DE SERIE-TÍTULO UNIFORME | |
| Título uniforme | Trabajos del Instituto de Ciencias Naturales "José de Acosta". Serie geológica ; |
| Designación de volumen o secuencia | 2 |
| 9 (RLIN) | 192461 |
| 852 ## - LOCALIZACIÓN | |
| Ubicación | ES-MaACL |
| Número de control de estantería | E-4675 |
| Estatus retirado | Estado de pérdida | Estado de daño | No para préstamo | Biblioteca de origen | Biblioteca actual | Ubicación en estantería | Fecha de adquisición | Fuente de adquisición | Total de préstamos | Signatura topográfica completa | Código de barras | Visto por última vez | Precio de reemplazo | Tipo de ítem Koha |
|---|---|---|---|---|---|---|---|---|---|---|---|---|---|---|
| Biblioteca del Ateneo de Madrid | Biblioteca del Ateneo de Madrid | Depósito 2 | 05/09/2016 | E-4675 | 1196123 | 23/02/2023 | 23/02/2023 | Libro impreso |
